| 000 | 00965cam a2200217 4500 | ||
|---|---|---|---|
| 001 | WB3726-07 | ||
| 008 | 000000n2001 000 0 eng u | ||
| 035 | _a(Sirsi) u113486 | ||
| 245 | _aRegus value cut in half | ||
| 260 | _c2001 | ||
| 490 |
_aIndependent _v 4 July 2001, 13(1) |
||
| 520 | _aRegus, supplier of serviced offices issues a dramatic profits warning and provides evidence that the UK is following US into a sharp business downturn. Shares in the company plunged as it announced that occupancy of the company's ready-made offices had fallen from 75% to 67% in Britain during the second quarter, with offices in London being particularly badly hit. | ||
| 590 | _aWB | ||
| 650 | _aREGUS | ||
| 650 | _aSERVICED OFFICES | ||
| 650 | _aSHARE PRICES | ||
| 650 | _aPROPERTY-COMMERCIAL PROPERTY-OFFICE PROPERTY-OFFICE PROPERTY MARKET | ||
| 650 | _aOCCUPANCY LEVELS | ||
| 690 | _aPROPERTY-COMMERCIAL PROPERTY-COMMERCIAL PROPERTY MARKET | ||
| 942 | _n0 | ||
| 999 |
_c67607 _d67607 |
||